Cric crec pi ploft! (Record no. 47274)

MARC details
000 -LÍDER
campo de controle de tamanho fixo 00364 a2200157 4500
001 - NÚMERO DE CONTROLE
campo de controle 47274
020 ## - ISBN - INTERNATIONAL STANDARD BOOK NUMBER
ISBN - International Standard Book Number 9788540501898 (broch.)
040 ## - FONTE DA CATALOGAÇÃO
Instituição que transcreveu o registro Anchieta - Aquarius
100 ## - ENTRADA PRINCIPAL--NOME PESSOAL
Nome pessoal Varella, Flávia
240 10 - TÍTULO UNIFORME
Título uniforme Cric crec pi ploft!
Idioma da obra por
245 10 - TÍTULO
Título Cric crec pi ploft!
300 ## - DESCRIÇÃO FÍSICA
Extensão 48p.
362 0# - DATAS DE PUBLICAÇÃO E/OU DESIGNAÇÃO SEQUENCIAL
Datas de publicação e/ou designação sequencial 2012
650 #4 - ASSUNTO--TERMO TÓPICO
Cabeçalho tópico ou nome geográfico Literatura infanto-juvenil
942 ## - ELEMENTOS DE ENTRADA ADICIONADOS (KOHA)
Tipo de material Koha Livros
Holdings
Situação do descarte Situação das perdas Situação física Não pode ser emprestado Biblioteca de origem Biblioteca atual Data de aquisição Total de empréstimos Número de chamada completo Código de barras Data de último acesso Data do preço efetivo Tipo de material Koha
        Colégio Anchieta - Aquarius Colégio Anchieta - Aquarius 21/11/2023   028.5 CRO CRI 5814/AQU 21/11/2023 21/11/2023 Livros
        Colégio Anchieta - Aquarius Colégio Anchieta - Aquarius 21/11/2023   028.5 CRO CRI 5844/AQU 21/11/2023 21/11/2023 Livros